00456nam a2200145 45000010006000000050017000060080041000230200015000640350003000790410007000822450134000892600039002233000011002627000037002732689620230411085953.0060907n2004 dr spa  a0749441445  aEN04aThe handbook of international trade :ba guide to the principles and practice of export /cEditors Jim Sherlock & Jonathan Reuvid aLondon :bKongan Page,c2004  a440 p. aSherlock, Jim / Reuvid, Jonathan